World Capitals by First Two Letters in Three Minutes - Statistics

General Stats
  • This quiz has been taken 1,537 times
  • The average score is 165 of 197
Answer Stats
country capital city % Correct
China Beijing
99%
Lebanon Beirut
99%
Serbia Belgrade
99%
Belize Belmopan
99%
Germany Berlin
99%
Switzerland Bern
99%
Spain Madrid
98%
Marshall Islands Majuro
98%
Equatorial Guinea Malabo
98%
Maldives Malé
98%
Nicaragua Managua
98%
Bahrain Manama
98%
Philippines Manila
98%
Mozambique Maputo
98%
Lesotho Maseru
98%
Somalia Mogadishu
98%
Monaco Monaco
98%
Liberia Monrovia
98%
Uruguay Montevideo
98%
Comoros Moroni
98%
Russia Moscow
98%
Gabon Libreville
97%
Malawi Lilongwe
97%
Peru Lima
97%
Portugal Lisbon
97%
South Africa Pretoria, Cape Town or Bloemfontein
97%
Iraq Baghdad
96%
Azerbaijan Baku
96%
Mali Bamako
96%
Brunei Bandar Seri Begawan
96%
Thailand Bangkok
96%
Central African Republic Bangui
96%
Gambia Banjul
96%
Saint Kitts and Nevis Basseterre
96%
Romania Bucharest
96%
Hungary Budapest
96%
Argentina Buenos Aires
96%
Benin Porto-Novo or Cotonou
96%
Grenada Saint George's
96%
Antigua and Barbuda Saint John's
96%
Micronesia Palikir
95%
Panama Panama City
95%
Suriname Paramaribo
95%
France Paris
95%
Andorra Andorra la Vella
94%
Turkey Ankara
94%
Madagascar Antananarivo
94%
Sri Lanka Colombo
94%
Togo Lomé
94%
United Kingdom London
94%
Yemen Sana'a
94%
Costa Rica San José
94%
San Marino San Marino
94%
El Salvador San Salvador
94%
Chile Santiago
94%
Dominican Republic Santo Domingo
94%
São Tomé and Príncipe São Tomé
94%
Bosnia and Herzegovina Sarajevo
94%
Kiribati South Tarawa
94%
Austria Vienna
94%
Jordan Amman
93%
Netherlands Amsterdam
93%
Brazil Brasília
93%
Slovakia Bratislava
93%
Congo Brazzaville
93%
Barbados Bridgetown
93%
Belgium Brussels
93%
Egypt Cairo
92%
Australia Canberra
92%
Venezuela Caracas
92%
Saint Lucia Castries
92%
Guinea Conakry
92%
Denmark Copenhagen
92%
Ireland Dublin
92%
Tajikistan Dushanbe
92%
Ukraine Kiev
92%
Rwanda Kigali
92%
Jamaica Kingston
92%
Saint Vincent and the Grenadines Kingstown
92%
Dem Rep Congo Kinshasa
92%
Liechtenstein Vaduz
92%
Malta Valletta
92%
Vatican City Vatican City
92%
Seychelles Victoria
92%
Laos Vientiane
92%
Lithuania Vilnius
92%
Poland Warsaw
92%
United States Washington DC
92%
Afghanistan Kabul
91%
Uganda Kampala
91%
Nepal Kathmandu
91%
Belarus Minsk
91%
Italy Rome
91%
Dominica Roseau
91%
Taiwan Taipei
91%
Estonia Tallinn
91%
Uzbekistan Tashkent
91%
Finland Helsinki
90%
Angola Luanda
90%
Zambia Lusaka
90%
Luxembourg Luxembourg
90%
Palestine Ramallah or East Jerusalem
90%
Greece Athens
89%
Iceland Reykjavík
89%
Bulgaria Sofia
89%
Vietnam Hanoi
88%
Zimbabwe Harare
88%
Cuba Havana
88%
Kazakhstan Nur-Sultan
88%
Norway Oslo
88%
Czechia Prague
88%
Cabo Verde Praia
88%
Kosovo Pristina
88%
Latvia Riga
88%
Saudi Arabia Riyadh
88%
Albania Tirana
88%
Bolivia La Paz or Sucre
86%
Kenya Nairobi
86%
Bahamas Nassau
86%
Myanmar Naypyidaw
86%
India New Delhi
86%
Japan Tokyo
86%
Montenegro Podgorica
85%
Haiti Port-au-Prince
85%
Mauritius Port Louis
85%
Papua New Guinea Port Moresby
85%
Trinidad and Tobago Port-of-Spain
85%
Vanuatu Port Vila
85%
Honduras Tegucigalpa
85%
Iran Tehran
85%
Turkmenistan Ashgabat
84%
Eritrea Asmara
84%
Paraguay Asunción
84%
Senegal Dakar
84%
Syria Damascus
84%
Malaysia Kuala Lumpur
84%
Kuwait Kuwait City
84%
South Korea Seoul
84%
Sweden Stockholm
84%
Palau Ngerulmud
83%
Mexico Mexico City
82%
Croatia Zagreb
82%
Colombia Bogotá
81%
Indonesia Jakarta
81%
Niger Niamey
81%
Cyprus Nicosia
81%
Tanzania Dodoma
80%
Qatar Doha
80%
Israel Jerusalem
78%
Kyrgyzstan Bishkek
77%
Guinea-Bissau Bissau
77%
Singapore Singapore
77%
Oman Muscat
74%
United Arab Emirates Abu Dhabi
73%
Nigeria Abuja
73%
Bangladesh Dhaka
73%
Algeria Algiers
72%
Canada Ottawa
72%
Pakistan Islamabad
71%
North Korea Pyongyang
71%
Moldova Chișinău
70%
Guatemala Guatemala City
70%
Guyana Georgetown
69%
Ecuador Quito
69%
Slovenia Ljubljana
68%
Cambodia Phnom Penh
68%
North Macedonia Skopje
67%
Mongolia Ulaanbaatar
66%
New Zealand Wellington
66%
Armenia Yerevan
66%
Timor-Leste Dili
65%
Fiji Suva
65%
Georgia Tbilisi
64%
Morocco Rabat
63%
Bhutan Thimphu
61%
Tunisia Tunis
60%
Côte d'Ivoire Yamoussoukro
59%
Cameroon Yaoundé
59%
Nauru Yaren
59%
Ethiopia Addis Ababa
58%
Djibouti Djibouti
58%
Botswana Gaborone
57%
Ghana Accra
53%
Libya Tripoli
53%
Namibia Windhoek
53%
Mauritania Nouakchott
52%
Solomon Islands Honiara
51%
Tonga Nukuʻalofa
49%
Burkina Faso Ouagadougou
47%
Burundi Gitega
46%
Samoa Apia
44%
Sierra Leone Freetown
44%
South Sudan Juba
43%
Sudan Khartoum
43%
Chad N'Djamena
43%
Tuvalu Funafuti
40%
Eswatini Mbabane
39%
No matching quizzes found
Score Distribution
Percent of People with Each Score
Percentile by Number Answered
Your Score History
You have not taken this quiz